000 00547nam a22002177a 4500
003 UA-OsUOA
001 68426
007 ta
008 20100426b un ||||| |||| 00| 0 ukr d
100 _aРайхель Ю.
090 _a94(477)
_bР18
942 _cSA
040 _aUA-OsUOA
_bukr
_cUA-OsUOA
_dUA-OsUOA
245 _aЛегенда про Вольфа Мессінга
300 _aС.21
955 _a0
041 _aukr
080 _a94(477)
773 0 _w68422
650 7 _a9 Географія. Біографії. Історія
_2UDC
999 _c354669
_d354669